| 000 | 00629nam a22001457a 4500 | ||
|---|---|---|---|
| 020 | _a978-0-09-951368-1 | ||
| 082 |
_a823 _bWOD/I |
||
| 100 | _aWODEHOUSE | ||
| 245 | _aTHE INIMITABLE JEEVES | ||
| 260 |
_aLONDON _bARROW BOOKS _c2008 |
||
| 300 | _a252 | ||
| 520 | _aIn typical Wodehouse fashion, The Inimitable Jeeves doesn't focus on a central plot, but instead a mapping of mini-escapades centered around the fashionably clueless Bertie and his clever butler, Jeeves, as they navigate the pompous upper class world of British aristocracy, running into some right rummy characters | ||
| 650 |
_aNOVEL _zUNITED KINGDOM |
||
| 942 | _cBK | ||
| 999 |
_c5044 _d5044 |
||